000 00826nam a2200229 i 4500
001 bg
245 0 0 _aRegion Zachodniopomorski - kolaż socjologiczny /
_cpod red. Agnieszki Kołodziej-Durnaś.
260 _aWarszawa :
_bCentrum Doradztwa i Informacji "Difin",
_c2007.
300 _a169, [2] s. ;
_c24 cm.
500 _aStreszcz. ang.
504 _aBibliogr. przy rozdz.
651 9 _aSzczecin (woj. zachodniopomorskie, okręg)
_xsocjologia
_yod 1989 r.
700 1 _aKOŁODZIEJ-DURNAŚ, Agnieszka.
_eRed.
020 _a9788372517012
040 _cBPK
041 0 _apol
_beng
080 _a316.334.5(438)"1989/..."
920 _a978-83-7251-701-2
942 _cKS
008 s pl f |000 0 pol
999 _c53311
_d53311
856 _uhttp://koha.tu.koszalin.pl/cgi-bin/koha/opac-detail.pl?biblionumber=53311
_yKatalog online BPK